00701nam a2200181 i 4500001000700000003000900007005001700016007000300033008004100036100006200077245005100139260004600190300003200236651008000268852003200348999001900380952012000399101077ES-MaACL20230906182821.0t|051011s1935 sp ||||1| spa d1 aMaura Gamazo, Gabriel,cDuque de Maura,d1879-196397922110aRecuerdos de mi vida / cGabriel Maura Gamazo. aMadrid : bBolaños y Aguilar, c[1935?] a257 p., 2 lám. ; c19 cm. 4aEspaña-xHistoria-y1902-1931, Alfonso XIII-vRelatos personales.9144642 aES-MaACLjB-10039 bR.21545 c101077d101077 00104070aATENEOMbATENEOMcSPBd2008-01-17eSCl0oB-10039p1105530r2023-02-23 00:00:00w2023-02-23yMONOGRAFIA